[Event "Como Province-ch"]
[Site "Villa Guardia"]
[Date "2010.01.24"]
[Round "3"]
[White "Cordone, Giuseppe"]
[Black "Minelli, Marco"]
[Result "1-0"]
[WhiteElo "1524"]
[BlackElo "1392"]
[PlyCount "155"]
[EventDate "2010.01.23"]
[EventType "swiss"]
[EventRounds "6"]
[EventCountry "ITA"]
[SourceTitle "EXT 2024"]
[Source "ChessBase"]
[SourceDate "2023.10.10"]
[SourceVersion "1"]
[SourceVersionDate "2023.10.10"]
[SourceQuality "1"]

1. d4 g6 2. c4 Bg7 3. Nc3 d6 4. Nf3 Nd7 5. g3 Ngf6 6. Bg2 c6 7. 0-0 0-0 8. Re1 Re8 9. e4 e5 10. d5 Nb6 11. b3 a6 12. a4 cxd5 13. cxd5 Nbd7 14. Ba3 Nf8 15. h3 h6 16. Rc1 N8h7 17. Nb1 b5 18. Qc2 Rb8 19. axb5 axb5 20. Bb4 Rf8 21. Qc7 Qxc7 22. Rxc7 Ne8 23. Rc2 f5 24. Nh4 Rf6 25. Rec1 Bd7 26. f4 fxe4 27. fxe5 dxe5 28. Be7 Rfb6 29. Bxe4 Bxh3 30. Bxg6 Ng5 31. Rf2 Nd6 32. Nd2 e4 33. Bxd6 Rxd6 34. Bxe4 Bd4 35. Rc7 Bxf2+ 36. Kxf2 Rf8+ 37. Ke3 Nxe4 38. Nxe4 Rxd5 39. Ng6 Re8 40. Re7 Rf8 41. Rb7 Re8 42. Ne7+ Rxe7 43. Rxe7 Kf8 44. Rh7 h5 45. Nf6 Bf5 46. Rxh5 Rd3+ 47. Kf4 Be6 48. Rxb5 Kf7 49. Ne4 Bxb3 50. Nc5 Rd4+ 51. Ke3 Rg4 52. Rb7+ Ke8 53. Ne4 Kd8 54. Rxb3 Kc7 55. Kf3 Rg7 56. g4 Rf7+ 57. Kg3 Kd8 58. Rd3+ Ke7 59. Re3 Rg7 60. Nc5+ Kf7 61. Ne6 Rg8 62. Nd4 Kg6 63. Rf3 Rd8 64. Ne6 Rd6 65. Nf4+ Kg5 66. Nh3+ Kg6 67. g5 Kh7 68. Kg4 Kg8 69. Rf5 Rd4+ 70. Nf4 Rd8 71. g6 Rd7 72. Kg5 Rg7 73. Nh5 Ra7 74. Nf6+ Kg7 75. Ne8+ Kg8 76. Kh6 Re7 77. Nf6+ Kh8 78. Re5 1-0

[Event "Como Province-ch"]
[Site "Villa Guardia"]
[Date "2010.01.24"]
[Round "4"]
[White "Minelli, Marco"]
[Black "Napoli, Ferdinando"]
[Result "0-1"]
[WhiteElo "1392"]
[BlackElo "1742"]
[PlyCount "96"]
[EventDate "2010.01.23"]
[EventType "swiss"]
[EventRounds "6"]
[EventCountry "ITA"]
[SourceTitle "EXT 2024"]
[Source "ChessBase"]
[SourceDate "2023.10.10"]
[SourceVersion "1"]
[SourceVersionDate "2023.10.10"]
[SourceQuality "1"]

1. Nf3 Nf6 2. c4 g6 3. d4 Bg7 4. e3 d6 5. Nbd2 c6 6. b4 Nbd7 7. a4 0-0 8. Nb3 Qc7 9. Qc2 e5 10. Be2 d5 11. a5 Re8 12. 0-0 exd4 13. exd4 Qd6 14. c5 Qc7 15. g3 Ne4 16. Bf4 Qd8 17. Bd3 Nf8 18. Rad1 Bg4 19. Be2 Nd7 20. Rfe1 h6 21. Nbd2 Ndf6 22. Ne5 Bxe2 23. Rxe2 Nxd2 24. Bxd2 Qc7 25. Bc3 Re6 26. Rde1 Rae8 27. f3 Nd7 28. Nxd7 Qxd7 29. Rxe6 Rxe6 30. Rxe6 Qxe6 31. Kg2 Qe3 32. Qd2 Qxd2+ 33. Bxd2 Bxd4 34. h3 f5 35. f4 Kf7 36. Kf3 Ke6 37. g4 a6 38. Ke2 fxg4 39. hxg4 h5 40. Kd3 Bg7 41. g5 Kf5 42. Ke2 Ke4 43. Kf2 Bd4+ 44. Ke2 h4 45. f5 Kxf5 46. Kd3 Be5 47. Be3 h3 48. Bg1 h2 0-1

[Event "Como Province-ch"]
[Site "Como"]
[Date "2009.02.01"]
[Round "5"]
[White "Minelli, Marco"]
[Black "Ghelfi, Giancarlo"]
[Result "1/2-1/2"]
[WhiteElo "1380"]
[BlackElo "1717"]
[PlyCount "71"]
[EventDate "2009.01.24"]
[EventType "swiss"]
[EventRounds "6"]
[EventCountry "ITA"]
[SourceTitle "EXT 2011"]
[Source "ChessBase"]
[SourceDate "2010.11.26"]
[SourceVersion "1"]
[SourceVersionDate "2010.11.26"]
[SourceQuality "1"]

1. c4 Nf6 2. b3 g6 3. Bb2 Bg7 4. Nf3 d6 5. d3 0-0 6. g3 Nbd7 7. Bg2 Rb8 8. Nbd2 b5 9. Qc2 c5 10. 0-0 b4 11. Rfe1 a5 12. e4 e5 13. h3 Nb6 14. Rad1 Bd7 15. Bc1 Qc8 16. Kh2 Bh6 17. Ng1 Bxd2 18. Bxd2 a4 19. Bh6 Re8 20. Nf3 a3 21. Bg5 Nh5 22. Rh1 Kg7 23. Kg1 f6 24. Be3 f5 25. exf5 gxf5 26. Qe2 f4 27. Nh4 Nf6 28. Bc1 Kh8 29. gxf4 exf4 30. Qf3 Rg8 31. Bxf4 Qf8 32. Kh2 Nh5 33. Bg3 Qxf3 34. Bxf3 Nxg3 35. fxg3 Rbf8 36. Rdf1 1/2-1/2